000 00794nam a2200229Ii 4500
003 JO-AjNU
008 230605s9999||||xx |||||||||||||| ||und||
017 _a2004/1/123
020 _a9957-09-084-4
040 _aJO-AjNU
_bara
_erda
_cJO-AjNU
041 _aara
050 1 4 _aK3601.S82.2004
100 3 _a الصويص ، سهيل يوسف ,
_eauthor
_921284
245 0 0 _aمسؤولية الطبيب بين حقوق المريض ومتطلبات القانون الحديث
250 _aط1
264 3 1 _aعمان : سهيل يوسف الصويص ، 2004
300 _a377ص
336 _atext
_btxt
_2rdacontent
337 _aunmediated
_bn
_2rdamedia
338 _avolume
_bnc
_2rdacarrier
650 4 _aالاطباء -- الطب -- المريض -- العلوم الطبية
_921285
999 _aA7367
_c10935
_d10935